|
|
|
|
| LEADER |
01505nam a22002777a 4500 |
| 001 |
9511 |
| 003 |
BD-DhAAL |
| 005 |
20141209154548.0 |
| 008 |
141209s1994 ii ||||| |||| 00| 0 ben d |
| 020 |
|
|
|a 8170662354
|
| 040 |
|
|
|a BD-DhAAL
|c BD-DhAAL
|
| 082 |
|
|
|2 22
|a 709.54
|
| 100 |
|
|
|a ঠাকুর, অবনীন্দ্রনাথ
|9 6791
|
| 245 |
|
|
|a শিল্পায়ন /
|c অবনীন্দ্রনাথ ঠাকুর
|
| 260 |
|
|
|a কলকাতা :
|b আনন্দ পাবলিশার্স,
|c ১৯৯৪
|
| 300 |
|
|
|a ৭১ পৃ. :
|c ২১ সে. মি.
|
| 541 |
|
|
|e 9511
|
| 650 |
|
|
|a Art, Indic.
|9 6037
|
| 852 |
|
|
|a Ayesha Abed Library
|b General Stacks
|
| 942 |
|
|
|2 ddc
|c BK
|
| 999 |
|
|
|c 33292
|d 33292
|
| 952 |
|
|
|0 0
|1 0
|2 ddc
|4 0
|6 709_540000000000000_TAG
|7 0
|9 44457
|a BRACUL
|b BRACUL
|c GEN
|d 2014-12-09
|l 0
|o 709.54 TAG
|p 3010009511
|r 2014-12-09
|t 3
|w 2014-12-09
|y BK
|
| 952 |
|
|
|0 0
|1 0
|2 ddc
|4 0
|6 709_540000000000000_TAG
|7 0
|9 44680
|a BRACUL
|b BRACUL
|c GEN
|d 2015-01-10
|l 0
|o 709.54 TAG
|p 3010009513
|r 2015-01-10
|t 5
|w 2015-01-10
|y BK
|
| 952 |
|
|
|0 0
|1 0
|2 ddc
|4 0
|6 709_540000000000000_TAG
|7 0
|9 44684
|a BRACUL
|b BRACUL
|c GEN
|d 2015-01-10
|l 0
|o 709.54 TAG
|p 3010009509
|r 2015-01-10
|t 1
|w 2015-01-10
|y BK
|
| 952 |
|
|
|0 0
|1 0
|2 ddc
|4 0
|6 709_540000000000000_TAG
|7 0
|9 62207
|a BRACUL
|b BRACUL
|c GEN
|d 2015-01-10
|l 0
|o 709.54 TAG
|p 3010009510
|r 2017-12-07
|t 2
|w 2015-01-10
|y BK
|
| 952 |
|
|
|0 0
|1 0
|2 ddc
|4 0
|6 709_540000000000000_TAG
|7 0
|9 66847
|a BRACUL
|b BRACUL
|c GEN
|d 2019-10-20
|l 0
|o 709.54 TAG
|p 3010009512
|r 2019-10-20
|t 4
|w 2019-10-20
|y BK
|